书目信息 |
| 题名: |
高次方程解法
|
|
| 作者: | 沙法列维奇 著 ;程乃栋 译 | |
| 分册: | ||
| 出版信息: | 北京 中国青年出版社 1956.01 |
|
| 页数: | 25页 | |
| 开本: | 19cm | |
| 丛书名: | 青年数学丛书 | |
| 单 册: | ||
| 中图分类: | O122.2 | |
| 科图分类: | ||
| 主题词: | 初等数学 | |
| 电子资源: | ||
| ISBN: | ||
| 000 | 00723nam0 2200241 450 | |
| 001 | 0655175281 | |
| 005 | 20060727152313.56 | |
| 010 | @dCNY0.10 | |
| 100 | @a20060727d1956 km y0chiy0120 ea | |
| 101 | 0 | @achi |
| 102 | @aCN@b110000 | |
| 200 | 1 | @a高次方程解法@Agao ci fang cheng jie fa@e施笃姆法@f沙法列维奇著@Fsha fa lie wei qi zhu@g程乃栋译@Gcheng nai dong yi |
| 210 | @a北京@c中国青年出版社@d1956.01 | |
| 215 | @a25页@d19cm | |
| 225 | 2 | @a青年数学丛书 |
| 410 | 0 | @12001 @a青年数学丛书 |
| 517 | 1 | @a施笃姆法@Ashi du mu fa |
| 606 | 0 | @a初等数学 |
| 690 | @aO122.2@v3 | |
| 701 | 0 | @a沙法列维奇@Asha fa lie wei qi@4著 |
| 702 | 0 | @a程乃栋@Acheng nai dong@4译 |
| 801 | 0 | @aCN@bPFT@c20060727 |
| 905 | @a10447@dO122.2@e23 | |
| 高次方程解法:施笃姆法/沙法列维奇著/程乃栋译.-北京:中国青年出版社,1956.01 |
| 25页;19cm.-(青年数学丛书) |
| ISBN :CNY0.10 |
| ● |
| 相关链接 |
|
|
|
|
正题名:高次方程解法
索取号:O122.2/23
 
预约/预借
| 序号 | 登录号 | 条形码 | 馆藏地/架位号 | 状态 | 备注 |
| 1 | 0442434 | 204424346 | 密集书库/ [索取号:O122.2/23] | 在馆 |